Enforcing police accountability through civilian oversight / (Record no. 36892)

MARC details
000 -LEADER
fixed length control field 01359nam a22002897a 4500
005 - DATE AND TIME OF LATEST TRANSACTION
control field 2010071208158.0
008 - FIXED-LENGTH DATA ELEMENTS--GENERAL INFORMATION
fixed length control field 100712t xxu||||| |||| 00| 0 eng d
010 ## - LCCN (DPL NO)
LC control number ENG-96389
020 ## - INTERNATIONAL STANDARD BOOK NUMBER
International Standard Book Number 9788132104537
Terms of availability 595.00
035 ## - SYSTEM CONTROL NUMBER
System control number EN-79922
037 ## - SOURCE OF ACQUISITION
Source of stock number/acquisition D.B.Act / Pub
040 ## - CATALOGING SOURCE
Original cataloging agency dpl
Language of cataloging Eng
082 ## - DEWEY DECIMAL CLASSIFICATION NUMBER
Classification number 363.22
100 ## - MAIN ENTRY--PERSONAL NAME
Personal name Sen,Sankar
245 ## - TITLE STATEMENT
Title Enforcing police accountability through civilian oversight /
Statement of responsibility, etc by Sankar Sen
260 ## - PUBLICATION, DISTRIBUTION, ETC. (IMPRINT)
Place of publication, distribution, etc New Delhi
Name of publisher, distributor, etc Sage Publications
Date of publication, distribution, etc 2010
270 ## - ADDRESS
Address B1/11, Mohan Cooperative Inudstrial Area, Mathura Road,
City New Delhi
Postal code 110044
300 ## - PHYSICAL DESCRIPTION
Extent xiv,197p.
Dimensions 24 cm (Hb.)
500 ## - GENERAL NOTE
General note Includes bibliographical references and index.
505 ## - FORMATTED CONTENTS NOTE
Formatted contents note Introduction -- Police accountability -- Control by external agencies -- Civilian oversight bodies -- Policing the police: experience in the United Kingdom -- Police oversight in Canada -- Royal Canadian Mounted Police (RCMP) Public Complaint Commission -
650 ## - SUBJECT ADDED ENTRY--TOPICAL TERM
Topical term or geographic name as entry element Police misconduct.
650 ## - SUBJECT ADDED ENTRY--TOPICAL TERM
Topical term or geographic name as entry element Police
General subdivision Complaints against.
650 ## - SUBJECT ADDED ENTRY--TOPICAL TERM
Topical term or geographic name as entry element Civilian review boards (Police administration)
650 ## - SUBJECT ADDED ENTRY--TOPICAL TERM
Topical term or geographic name as entry element Police administration
General subdivision Citizen participation.
942 ## - ADDED ENTRY ELEMENTS (KOHA)
Institution code [OBSOLETE] dpl
Item type English Books
Source of classification or shelving scheme Dewey Decimal Classification
Classification part 363.22
Call number suffix SEN
Holdings
Withdrawn status Lost status Source of classification or shelving scheme Damaged status Not for loan Collection code Home library Current library Date acquired Source of acquisition Cost, normal purchase price Total Checkouts Full call number Barcode Date last seen Copy number Cost, replacement price Koha item type
    Dewey Decimal Classification   Not For Loan Non-fiction D.B.Act.Division D.B.Act.Division 12/07/2010 DBAD/PUB 595.00   363.22 SEN EN-79922 12/07/2010 1 595.00 English Books

© Delhi Public Library
Hit Counter
free hit counter